Statistics for Alice in Chains - Trivia

Click here to take the quiz!

General Stats

  • This quiz has been taken 184 times
  • The average score is 18 of 27

Answer Stats

Answer% Correct
Layne Staley
97%
Dirt
95%
Jerry Cantrell
95%
Seattle
93%
Facelift
92%
Alice In Chains
91%
Mike Starr
89%
Jar Of Flies
88%
Mike Iñez
83%
Rooster
83%
SAP
77%
Black Gives Way To Blue
76%
Sean Kinney
72%
Mad Season
71%
The Devil Put Dinosaurs Here
66%
New York
65%
William DuVall
65%
Man In The Box
61%
Singles
50%
We Die Young
49%
Chris Cornell
47%
Ozzy Osbourne
38%
Died
32%
Elton John
31%
Boggy Depot
26%
Get Born Again
26%
Scott Olson
8%

Score Distribution

Percentile by Number Answered

Percent of People with Each Score

Your Score History

You have not taken this quiz